[Event "Groninger Combinatie op"]
[Site "Groningen"]
[Date "2025.05.30"]
[Round "3"]
[White "Hendriks, Peter"]
[Black "Groenewoud, Joel"]
[Result "0-1"]
[WhiteElo "1963"]
[BlackElo "2168"]
[PlyCount "68"]
[EventDate "2025.05.29"]
[EventType "swiss"]
[EventRounds "7"]
[EventCountry "NED"]
[SourceTitle "CB23_2025"]
[SourceDate "2025.06.04"]
[SourceVersion "1"]
[SourceVersionDate "2025.06.04"]
[SourceQuality "1"]

1. f4 Nf6 2. Nf3 g6 3. d3 Bg7 4. e4 d6 5. Be2 0-0 6. 0-0 c5 7. Nc3 Nc6 8. Qe1 Rb8 9. Qh4 b5 10. f5 Nd4 11. Bd1 d5 12. Bh6 Bxh6 13. Qxh6 dxe4 14. dxe4 b4 15. Ne2 Nxf3+ 16. Rxf3 Nxe4 17. Qf4 Bxf5 18. g4 e5 19. Qxe5 Qg5 20. Ng3 Rfe8 21. Qd5 Rbd8 22. Nxe4 Rxe4 23. Qxd8+ Qxd8 24. gxf5 Qd4+ 25. Kg2 Rg4+ 26. Kh3 Qg1 27. Rg3 Rxg3+ 28. hxg3 h5 29. g4 Kg7 30. gxh5 Kf6 31. fxg6 fxg6 32. hxg6 Ke5 33. g7 Kf4 34. g8Q Qh1# 0-1

[Event "Groninger Combinatie op"]
[Site "Groningen"]
[Date "2025.05.29"]
[Round "1"]
[White "Hendriks, Peter"]
[Black "Balje, Jan"]
[Result "1/2-1/2"]
[WhiteElo "1963"]
[BlackElo "2149"]
[PlyCount "126"]
[EventDate "2025.05.29"]
[EventType "swiss"]
[EventRounds "7"]
[EventCountry "NED"]
[SourceTitle "CB23_2025"]
[SourceDate "2025.06.04"]
[SourceVersion "1"]
[SourceVersionDate "2025.06.04"]
[SourceQuality "1"]

1. f4 d5 2. e3 g6 3. Nf3 Bg7 4. d4 c5 5. Bd3 Nh6 6. 0-0 Bf5 7. Be2 0-0 8. h3 Qc7 9. g4 Bc8 10. c3 b6 11. b4 Bb7 12. bxc5 bxc5 13. Nbd2 Nd7 14. a4 f6 15. c4 e5 16. cxd5 exd4 17. d6 Qc6 18. Nc4 f5 19. Na5 Qxd6 20. Nxb7 Qb6 21. Ne5 Nxe5 22. fxe5 Qxb7 23. Bf3 Qe7 24. Bxa8 Rxa8 25. Qf3 Rd8 26. exd4 fxg4 27. hxg4 cxd4 28. Rb1 Qe6 29. Bxh6 Bxh6 30. Kh1 d3 31. Qf6 Qd5+ 32. Kh2 Bg7 33. Qf3 Qxf3 34. Rxf3 d2 35. Rd1 Bxe5+ 36. Kg2 g5 37. Rf5 Bf4 38. Kf3 Kg7 39. Ra5 Rd7 40. Rb5 Re7 41. a5 Re6 42. Rb2 Kg6 43. Rbxd2 Bxd2 44. Rxd2 h5 45. gxh5+ Kxh5 46. Rd7 Ra6 47. Rd5 Kh4 48. Kg2 g4 49. Rc5 Rd6 50. Rc7 a6 51. Rh7+ Kg5 52. Rg7+ Kf5 53. Rf7+ Ke5 54. Rg7 Kd5 55. Rg5+ Kc4 56. Rxg4+ Kb5 57. Rg5+ Kb4 58. Kf3 Re6 59. Rh5 Re1 60. Rg5 Ra1 61. Ke3 Rxa5 62. Rxa5 Kxa5 63. Kd3 Kb4 1/2-1/2

[Event "Groningen Compact-A"]
[Site "Groningen"]
[Date "2015.12.28"]
[Round "3"]
[White "Bakels, Anton"]
[Black "Hendriks, Peter"]
[Result "1/2-1/2"]
[WhiteElo "2064"]
[BlackElo "1961"]
[PlyCount "77"]
[EventDate "2015.12.26"]
[EventType "swiss"]
[EventRounds "5"]
[EventCountry "NED"]
[SourceTitle "CBM 170 Extra"]
[Source "ChessBase"]
[SourceDate "2016.02.25"]
[SourceVersion "1"]
[SourceVersionDate "2016.02.25"]
[SourceQuality "1"]

1. c4 f5 2. g3 Nf6 3. Bg2 e6 4. Nf3 Be7 5. Nc3 0-0 6. 0-0 d6 7. d4 Ne4 8. Qb3 Bf6 9. Be3 Nxc3 10. bxc3 Nc6 11. Rad1 Qe7 12. Bc1 Re8 13. Rfe1 e5 14. c5+ Kh8 15. e4 Rb8 16. Ba3 fxe4 17. Nd2 exd4 18. cxd6 cxd6 19. Rxe4 Be6 20. Qb5 Qf7 21. cxd4 Nxd4 22. Qa4 b5 23. Qb4 Nc2 24. Qxd6 Rbd8 25. Qa6 Bd5 26. Rxe8+ Rxe8 27. Nb1 Bxg2 28. Kxg2 Nd4 29. Nc3 Qc4 30. Rc1 Qd3 31. Qb7 Nc2 32. Qxb5 Ne1+ 33. Rxe1 Qxb5 34. Nxb5 Rxe1 35. Nxa7 Ra1 36. Bc5 Rxa2 37. Be3 Rc2 38. Nb5 Be5 39. Nd4 1/2-1/2

[Event "Hoogeveen Unive op"]
[Site "Hoogeveen"]
[Date "2010.10.28"]
[Round "7"]
[White "Hendriks, Willy"]
[Black "Hendriks, Peter"]
[Result "1-0"]
[WhiteElo "2424"]
[BlackElo "2082"]
[PlyCount "60"]
[EventDate "2010.10.22"]
[EventType "swiss"]
[EventRounds "9"]
[EventCountry "NED"]
[SourceTitle "EXT 2011"]
[Source "ChessBase"]
[SourceDate "2010.11.26"]
[SourceVersion "1"]
[SourceVersionDate "2010.11.26"]
[SourceQuality "1"]

1. e4 g6 2. d4 Bg7 3. Nc3 d6 4. Bg5 Nd7 5. Nf3 a6 6. a4 c5 7. d5 Qa5 8. Bd2 Ngf6 9. Be2 0-0 10. 0-0 Ng4 11. h3 Nge5 12. Nh2 f5 13. f4 Nf7 14. Nf3 c4 15. exf5 Qc5+ 16. Kh2 gxf5 17. Be1 Nf6 18. Bf2 Qc7 19. Bd4 e5 20. dxe6 Bxe6 21. Bxf6 Bxf6 22. Nd4 Nd8 23. Bf3 Kh8 24. Re1 Bg8 25. Nce2 Qc5 26. c3 Nc6 27. Qd2 Rad8 28. Rad1 Rfe8 29. Bxc6 bxc6 30. Ng3 Bxd4 1-0

[Event "Hoogeveen Unive op"]
[Site "Hoogeveen"]
[Date "2010.10.24"]
[Round "3"]
[White "Bonafede, Alessandro"]
[Black "Hendriks, Peter"]
[Result "1-0"]
[WhiteElo "2280"]
[BlackElo "2082"]
[PlyCount "33"]
[EventDate "2010.10.22"]
[EventType "swiss"]
[EventRounds "9"]
[EventCountry "NED"]
[SourceTitle "EXT 2011"]
[Source "ChessBase"]
[SourceDate "2010.11.26"]
[SourceVersion "1"]
[SourceVersionDate "2010.11.26"]
[SourceQuality "1"]

1. e4 g6 2. d4 Bg7 3. Nc3 d6 4. Bg5 Nd7 5. Qd2 c5 6. Nf3 a6 7. 0-0-0 b5 8. h4 h6 9. Bf4 Bb7 10. dxc5 Nxc5 11. e5 b4 12. Nd5 Qa5 13. Bc4 Rc8 14. exd6 e6 15. Nc7+ Kd8 16. Ne5 Rxc7 17. dxc7+ 1-0

[Event "Hoogeveen Essent op"]
[Site "Hoogeveen"]
[Date "2006.10.23"]
[Round "4"]
[White "Hendriks, Peter"]
[Black "Archangelsky, Mikhail"]
[Result "0-1"]
[WhiteElo "2092"]
[BlackElo "2270"]
[PlyCount "74"]
[EventDate "2006.10.21"]
[EventType "swiss"]
[EventRounds "9"]
[EventCountry "NED"]
[SourceTitle "EXT 2007"]
[Source "ChessBase"]
[SourceDate "2006.11.23"]
[SourceVersion "1"]
[SourceVersionDate "2006.11.23"]
[SourceQuality "1"]

1. d4 g6 2. c4 Bg7 3. Nc3 c5 4. d5 Bxc3+ 5. bxc3 f5 6. Nf3 d6 7. h3 Nf6 8. g4 Qa5 9. Qd3 Na6 10. Bh6 fxg4 11. hxg4 Bxg4 12. Bg7 Bf5 13. Qe3 Ng4 14. Qd2 Rg8 15. Rxh7 g5 16. Qxg5 Bxh7 17. Qh5+ Kd7 18. Qxg4+ Kc7 19. Bh3 Rad8 20. Qg5 Kb8 21. Qxe7 Rge8 22. Qh4 Qa3 23. Be6 Qb2 24. Rd1 Bc2 25. Bf6 Bxd1 26. Kxd1 Qb1+ 27. Kd2 Qxa2+ 28. Kd3 Rc8 29. Nd2 Qa3 30. Qf4 Nb4+ 31. Ke4 Na2 32. Qxd6+ Ka8 33. Kf5 Qb2 34. Qf4 Qc2+ 35. Kg5 Rg8+ 36. Bxg8 Rxg8+ 37. Kh6 Qg6# 0-1

[Event "Hoogeveen Essent op"]
[Site "Hoogeveen"]
[Date "2005.10.22"]
[Round "2"]
[White "Hendriks, Peter"]
[Black "Meijer, Dolf"]
[Result "0-1"]
[WhiteElo "2121"]
[BlackElo "2226"]
[PlyCount "96"]
[EventDate "2005.10.21"]
[EventType "swiss"]
[EventRounds "9"]
[EventCountry "NED"]
[SourceTitle "EXT 2006"]
[Source "ChessBase"]
[SourceDate "2005.11.24"]
[SourceVersion "1"]
[SourceVersionDate "2005.11.24"]
[SourceQuality "1"]

1. e4 d5 2. exd5 Nf6 3. d4 Bg4 4. f3 Bf5 5. Bb5+ Nbd7 6. c4 e6 7. dxe6 Bxe6 8. Nc3 c6 9. d5 Bxd5 10. cxd5 cxb5 11. Nxb5 Qa5+ 12. Nc3 Bb4 13. Qe2+ Kd8 14. Qc2 Re8+ 15. Nge2 Bxc3+ 16. bxc3 Rc8 17. 0-0 Nxd5 18. Ng3 g6 19. Bd2 Nxc3 20. Qd3 Qd5 21. Qxd5 Nxd5 22. Rfd1 Ne3 23. Rdc1 Nc4 24. Bc3 f5 25. Rab1 Rc7 26. Bd4 b6 27. Rb4 Na5 28. Rd1 Kc8 29. Bf2 Ne5 30. Nf1 Nec4 31. Bg3 Rd7 32. Rc1 Re2 33. Rbxc4+ Nxc4 34. Rxc4+ Kb7 35. a4 Rde7 36. h4 Ra2 37. h5 Ree2 38. Rc7+ Ka6 39. Rxh7 Rxg2+ 40. Kh1 gxh5 41. Rxh5 f4 42. Bxf4 Rgf2 43. Kg1 Rxf3 44. Rh2 Ra1 45. Rf2 Rfa3 46. Be5 R1a2 47. a5 Rxa5 48. Rf8 Rxe5 0-1